000 00441nam a2200181Ia 4500
001 11081
005 20260306161920.0
008 260306t1978||||xx |||||||||||||| ||spa||
041 _aESP
082 _a985.004
_bP34
100 _aPease G. Y., Franklin
_eAUT
245 0 _aDel Tawantinsuyu a la historia del Perú
260 _c1978
300 _a245 páginas :
_c19 cm.
650 _aGEN
654 _aCHU
942 _cLIB
_dJUS
_fJUS
_2ddc
_n
999 _c11081
_d11081